| 000 | 01059nam a2200229 a 4500 | ||
|---|---|---|---|
| 001 | BRCA_1343 | ||
| 005 | 20190320203402.0 | ||
| 008 | 960412s1996 nmua---##b---#001-0#eng-# | ||
| 020 | _a0890133115 (Obra completa) | ||
| 040 |
_aDLC _cDLC _dDLC |
||
| 050 | 4 |
_aNK835 _b.S63 1996 |
|
| 245 | 1 | 0 |
_aSpanish New Mexico _bthe Spanish Colonial Arts Society collection _cedited by Donna Pierce and Marta Weigle, with a foreword by Anita Gonzales Thomas ; photographs by Jack Parsons ; concept and design by William Field. |
| 260 |
_aSanta Fe _bMuseum of New Mexico _c[c1996] |
||
| 300 |
_a2 v. _bil. (algunas a color) _c27 cm. |
||
| 504 | _aIncluye referencias bibliográficas e índice | ||
| 505 | 0 | _aContenido : v.1. The Arts of Spanish New Mexico. -- v.2. Hispanic Arts in the Twentieth Century | |
| 650 | 1 | 4 |
_aArtes decorativas _vCatálogos _xEspaña colonial _zNuevo México (Estados Unidos) _94392 |
| 650 | 1 | 4 |
_aEspañoles en Nuevo México _xÉpoca colonial 1521-1821 _94393 |
| 700 | 1 |
_aPierce, Donna _d1950- _91488 |
|
| 700 | 1 |
_aWeigle, Marta _94394 |
|
| 942 |
_2lcc _cB |
||
| 999 |
_c1206 _d1206 |
||